000 00540nam a2200181Ia 4500
003 GCL
008 140319s9999 xx 000 0 eng d
040 _aGCL /
_cGCL
082 0 4 _a530
_bG A
100 1 _aTOBOCHNIK, JAN
245 1 0 _aAN INTRODUCTION TO COMPUTER SIMULATION METHODS APPLICATION TO PHYSICAL SYSTEMS /
_cTOBOCHNIK, JAN
700 1 _aGOULD, HARVEY
260 _a[S.N] :
_bADDISON - WESLEY PUBLISHING COMPANY ،
_c1987
650 0 4 _aMATHEMATICAL MODELS
650 0 4 _aPHYSICS
650 0 4 _aDATA PROCESSING
942 _2ddc
_cBK
999 _c23690
_d23690